00335nam a2200145 a 450000100060000000300090000600800410001504000280005608200170008410000170010124500110011826000290012930000100015865000210016812803CO-ViMGA141112s2004 ck r 000 u spa d aCO-ViMGAbspacCO-ViMGA04aA863.5 M175a1 aMarmol, Jose10aAmalia aParis : bBedout, c1960 a608p.14aNOVELA ARGENTINA